<?xml version="1.0" encoding="UTF-8"?><?xml-stylesheet type="text/xsl" href="static/style.xsl"?><OAI-PMH xmlns="http://www.openarchives.org/OAI/2.0/" xmlns:xsi="http://www.w3.org/2001/XMLSchema-instance" xsi:schemaLocation="http://www.openarchives.org/OAI/2.0/ http://www.openarchives.org/OAI/2.0/OAI-PMH.xsd"><responseDate>2026-06-01T12:18:05Z</responseDate><request verb="GetRecord" identifier="oai:riuma.uma.es:10630/36470" metadataPrefix="marc">https://riuma.uma.es/rest/oai/request</request><GetRecord><record><header><identifier>oai:riuma.uma.es:10630/36470</identifier><datestamp>2026-02-03T11:05:58Z</datestamp><setSpec>com_10630_2254</setSpec><setSpec>col_10630_37953</setSpec></header><metadata><record xmlns="http://www.loc.gov/MARC21/slim" xmlns:dcterms="http://purl.org/dc/terms/" xmlns:doc="http://www.lyncode.com/xoai" xmlns:xsi="http://www.w3.org/2001/XMLSchema-instance" xsi:schemaLocation="http://www.loc.gov/MARC21/slim http://www.loc.gov/standards/marcxml/schema/MARC21slim.xsd">
   <leader>00925njm 22002777a 4500</leader>
   <datafield ind2=" " ind1=" " tag="042">
      <subfield code="a">dc</subfield>
   </datafield>
   <datafield ind2=" " ind1=" " tag="720">
      <subfield code="a">Mocholí Martínez, María Elvira</subfield>
      <subfield code="e">author</subfield>
   </datafield>
   <datafield ind2=" " ind1=" " tag="720">
      <subfield code="a">Salvo-Tierra, Ángel Enrique</subfield>
      <subfield code="e">author</subfield>
   </datafield>
   <datafield ind2=" " ind1=" " tag="260">
      <subfield code="c">2024-12</subfield>
   </datafield>
   <datafield ind2=" " ind1=" " tag="520">
      <subfield code="a">Los tipos iconográficos conceptuales de la Virgen de la Humildad y la Virgen de la Rosaleda presentan una amplia variedad de especies vegetales con significación mariana. El objetivo de este estudio es identificar y analizar las flores predominantes en cada uno de ellos para llevar a cabo una interpretación iconográfica. Esta se fundamenta en las fuentes teológicas y literarias medievales, así como la floricultura y diseño de jardines a finales de la Edad Media. Paralelamente, se llevará a cabo una breve historia de ambos tipos.</subfield>
   </datafield>
   <datafield ind1="8" ind2=" " tag="024">
      <subfield code="a">Mocholí Martínez, M.E. &amp; Salvo-Tierra, A.E. 2024. La Virgen de la Humildad y la Virgen de la Rosaleda. Aproximación al estudio de las especies vegetales en las imágenes de María. Millars Espai i Història 57:75-110. https://doi.org/10.6035/Millars.2024.57.4</subfield>
   </datafield>
   <datafield ind1="8" ind2=" " tag="024">
      <subfield code="a">https://hdl.handle.net/10630/36470</subfield>
   </datafield>
   <datafield ind1="8" ind2=" " tag="024">
      <subfield code="a">10.6035/Millars.2024.57.4</subfield>
   </datafield>
   <datafield tag="653" ind2=" " ind1=" ">
      <subfield code="a">Virgen María - Iconografía</subfield>
   </datafield>
   <datafield tag="653" ind2=" " ind1=" ">
      <subfield code="a">Flores en el arte</subfield>
   </datafield>
   <datafield ind2="0" ind1="0" tag="245">
      <subfield code="a">La Virgen de la Humildad y la Virgen de la Rosaleda. Aproximación al estudio de las especies vegetales en las imágenes de María.</subfield>
   </datafield>
</record>
</metadata></record></GetRecord></OAI-PMH>